000
00185 a2200085 4500
100
_a
Melik Saraçoğlu, Hakkı Kurtuluş
245
_a
Gözümün Nuru
260
_c
2013
264
_c
2013
999
_c
200431189
_d
49401